000 00478cam a2200169 4500
001 D12263
008 090401t1940 xxu||||| |||| 00| 0 eng d
035 _a(Sirsi) u2374
041 _aeng
100 _aBritton, D.K.
245 3 _aAn Enquiry into agricultural rents and the expenses of landowners in England and Wales 1938 and 1946
260 _aLondon
_bThe Central Landowners Association
_c1940
350 _a0
520 _aShelf 152
942 _n0
948 _c04/03/1997
999 _c85762
_d85762